Mauj-e-saraab: (Record no. 146458)

MARC details
000 -LEADER
fixed length control field 00541nam a22001937a 4500
005 - DATE AND TIME OF LATEST TRANSACTION
control field 20171101154008.0
010 ## - LCCN (DPL NO)
LC control number ENG-120966
020 ## - INTERNATIONAL STANDARD BOOK NUMBER
Terms of availability 1495.00
035 ## - SYSTEM CONTROL NUMBER
System control number EN-104498
037 ## - SOURCE OF ACQUISITION
Source of stock number/acquisition DBAD/PUB
082 ## - DEWEY DECIMAL CLASSIFICATION NUMBER
Classification number 881
100 ## - MAIN ENTRY--PERSONAL NAME
Personal name Bakshi, Minu
245 ## - TITLE STATEMENT
Title Mauj-e-saraab:
Statement of responsibility, etc by Minu Bakshi; translated by Nyla Daud
Remainder of title ghazals /
260 ## - PUBLICATION, DISTRIBUTION, ETC. (IMPRINT)
Place of publication, distribution, etc New Delhi
Name of publisher, distributor, etc Rupa
Date of publication, distribution, etc 2017
270 ## - ADDRESS
Address 7/16, Anasri Road, Daryaganj
City New Delhi
Postal code 110002
300 ## - PHYSICAL DESCRIPTION
Extent 228p.
Dimensions 22cm(pbk)
Other physical details ill
700 ## - ADDED ENTRY--PERSONAL NAME
Personal name Nyla Daud
942 ## - ADDED ENTRY ELEMENTS (KOHA)
Source of classification or shelving scheme Dewey Decimal Classification
Item type English Books
Classification part 881
Call number suffix BAK
Holdings
Withdrawn status Lost status Not for loan Collection code Home library Current library Date acquired Source of acquisition Cost, normal purchase price Full call number Barcode Copy number Cost, replacement price Koha item type
    Not For Loan Fiction D.B.Act.Division Bawana 11/10/2017 DBAD/PUB 1495.00 881 BAK EN-104498 1 1495.00 English Books

© Delhi Public Library
Hit Counter
free hit counter